Statistiques concernant Culture Générale - Série 2432

Cliquez ici pour prendre le quiz!

Statistiques générales

  • Ce quiz a été pris 162 fois
  • Le résultat moyen est 8 sur 10

Statistiques - réponses

QuestionRéponse% Correct
Quel animal monstrueux était Cerbère dans la mythologie grecque ?chien
94%
Quelle est la capitale du Canada ?Ottawa
92%
Dans quel fleuve français l'Isère se jette-elle ?Rhône
91%
Quel adjectif qualifie un triangle dont les 3 côtés sont égaux ?equilatéral
89%
De quel pays Kingston est-elle la capitale ?Jamaïque
89%
Dans quel pays les shoguns étaient-ils des chefs militaires et civils ? voir photoJapon
89%
Quelle tribu le groupe Manau a-t-il chantée en1998 ?Dana
79%
Dans quel département se situe l'île de Noirmoutier ?Vendée
71%
De quel état américain la ville de Denver est-elle la capitale ?Colorado
52%
Quel roi mythologique fut condamné à une faim et soif dévorantes ?Tantale
27%

Distribution des résultats

Percentile par nombre de réponses

% des personnes avec chaque résultat

Votre développement - résultats

Vous n’avez pas pris ce quiz